|
|
|
|
| LEADER |
00000nam0a2200000 4500 |
| 001 |
348300 |
| 005 |
20231222120547.0 |
| 010 |
|
|
|a 9785936294808
|
| 035 |
|
|
|a (RuTPU)RU\TPU\book\380279
|
| 090 |
|
|
|a 348300
|
| 100 |
|
|
|a 20221130d2013 m y0rusy50 ca
|
| 101 |
0 |
|
|a rus
|
| 102 |
|
|
|a RU
|
| 105 |
|
|
|a a j 001zy
|
| 200 |
1 |
|
|a Формирование исходных данных для проектирования и моделирования паровых котлов
|e учебное пособие
|f А. В. Гиль
|g Национальный исследовательский Томский политехнический университет ; под ред. А. С. Заворина
|
| 210 |
|
|
|a Томск
|c STT
|d 2013
|
| 215 |
|
|
|a 72 с.
|c ил.
|
| 320 |
|
|
|a Библиогр.: с. 57
|
| 606 |
1 |
|
|a Паровые котлы
|2 stltpush
|3 (RuTPU)RU\TPU\subj\71412
|9 85333
|
| 610 |
1 |
|
|a сжигаемое топливо
|
| 610 |
1 |
|
|a характеристики
|
| 610 |
1 |
|
|a системы топливоподготовки
|
| 610 |
1 |
|
|a энергетическое топливо
|
| 610 |
1 |
|
|a пылеприготовление
|
| 610 |
1 |
|
|a углеразмольные мельницы
|
| 610 |
1 |
|
|a газовое хозяйство
|
| 610 |
1 |
|
|a мазутное хозяйство
|
| 610 |
1 |
|
|a базовые расчетные параметры
|
| 610 |
1 |
|
|a компоновочные схемы
|
| 610 |
1 |
|
|a учебные пособия
|
| 610 |
1 |
|
|a труды учёных ТПУ
|
| 675 |
|
|
|a 621.181(075.8)
|v 4
|
| 700 |
|
1 |
|a Гиль
|b А. В.
|c специалист в области теплотехники
|c доцент Томского политехнического университета, кандидат технических наук
|f 1983-
|g Андрей Владимирович
|3 (RuTPU)RU\TPU\pers\26007
|9 11856
|
| 702 |
|
1 |
|a Заворин
|b А. С.
|c специалист в области теплотехники
|c профессор Томского политехнического университета, доктор технических наук
|f 1946-
|g Александр Сергеевич
|3 (RuTPU)RU\TPU\pers\25896
|4 340
|
| 712 |
0 |
2 |
|a Национальный исследовательский Томский политехнический университет
|c (2009- )
|3 (RuTPU)RU\TPU\col\15902
|9 26305
|
| 801 |
|
1 |
|a RU
|b 63413507
|c 20221130
|
| 801 |
|
2 |
|a RU
|b 63413507
|c 20230207
|g RCR
|
| 942 |
|
|
|c BK
|